Sehenswürdigkeit dem Ort zuordnen - Statistiken

Allgemein
  • Dieses Quiz wurde 1.401 mal gespielt
  • Das Durchschnittsergebnis liegt bei 6 aus 16
Antwortstatistiken
Bildquiz Antwort % Korrekt
London
95%
Paris
95%
Rom
85%
Tokio
66%
Kopenhagen
50%
Mailand
40%
St. Petersburg
39%
Budapest
32%
Prag
32%
Florenz
27%
Madrid
21%
Dresden
18%
Lissabon
18%
Brüssel
10%
Sofia
8%
Mexiko-Stadt
2%
Keine übereinstimmenden Quizze gefunden
Verteilung der Resultate
Anzahl Personen mit jedem Resultat
Perzentil nach korrekt beantworteten Fragen
Ihre Resultats-Entwicklung
Sie haben dieses Quiz noch nicht gespielt